header

Beginning Web programming with HTML, XHTML, and CSS (Record no. 77340)

MARC details
000 -LEADER
fixed length control field 01311nam a2200349 a 4500
082 04 - DEWEY DECIMAL CLASSIFICATION NUMBER
Classification number 006.7/6
100 1# - MAIN ENTRY--AUTHOR NAME
Personal name Duckett, Jon.
245 10 - TITLE STATEMENT
Title Beginning Web programming with HTML, XHTML, and CSS
260 ## - PUBLICATION, DISTRIBUTION, ETC. (IMPRINT)
Place of publication Indianapolis, IN :
Name of publisher Wiley,
Year of publication c2004.
300 ## - PHYSICAL DESCRIPTION
Number of Pages xxvi, 814 p. :
Other physical details ill.
500 ## - GENERAL NOTE
General note Includes index.
General note "Programmer to programmer" -- p. [4] of cover.
650 #0 - SUBJECT ADDED ENTRY--TOPICAL TERM
Topical Term HTML (Document markup language)
Topical Term XHTML (Document markup language)
Topical Term Cascading style sheets.
Topical Term Internet programming.
Topical Term Web site development.
856 40 - ELECTRONIC LOCATION AND ACCESS
Uniform Resource Identifier http://site.ebrary.com/lib/rucke/Doc?id=10296478

No items available.

© 2026 Rongo University
Contact us: librarian | system librarian | Rongo university